000 00942nam a2200289 i 4500
001 000006831
003 DO-SdBNP
005 20250409143200.0
007 ta
008 090903s1988 dr a 000 0 spa d
040 _aDO-SdBNP
_bspa
_cBNPHU
_erda
041 _aspa
082 4 _a398.097293
_bC889f
_222
100 1 _aCruz Brache, Antono
_eautor
_4aut.
_918980
245 1 0 _aDel folklore dominicano /
_cAntonio Cruz Brache.
264 1 _aSanto Domingo :
_bGalaxia,
_c1988.
300 _a194 páginas :
_bilustraciones ;
_c21 cm.
336 _atexto
_btxt
_2rdacontent
337 _asin mediación
_bn
_2rdamedia
338 _avolumen
_bnc
_2rdacarrier
504 _aIncluye referencias bibliografías (p. 193)
590 _aInventariado, 2018/VM
650 0 _aFolclore
_zRepública Dominicana
_933448
651 4 _aRepública Dominicana
_xVida social y costumbres
_9405
910 _aValidado. Control de calidad MMOLINA
942 _2ddc
_cLBS1
999 _c6619
_d6619